000 03005nam a2200745 a 4500
005 20240807082044.0
008 100308t2011||||sp a f |||| 001 0 spa d
020 _a9788496921887
041 _aspa
092 _c616
_l15
_sDEF
100 1 _aDe Fer, Thomas M.
_92522
_eEd.
245 _aManual Washington de medicina interna ambulatoria /
_cThomas M. De Fer
250 _a1a ed.
_bTraducción Ana Maria Pérez Tamayo y Felix García Roig. Revisión científica María del Mar Sancho Suárez y Roberto Guerri Fernández
260 _aBarcelona:
_bWolters Kluwer ; Lippincott Williams y Wilkins;
_c2011.
300 _a1060 p.
500 _aDe Fer, T. M., Brisco, M. A. y Mullur, R. S. (Eds.). (2011). Manual Washington de medicina interna ambulatoria. (1a ed.). Barcelona : Wolters Kluwer ; Lippincott Williams y Wilkins.
653 _aEnfoque teraoéutico del paciente ambulatorio
653 _aAtención del paciente quirúrgico
653 _aHipertensión
653 _aCardiopatía isquémica
653 _aInsuficiencia cardíaca y miocardiopatía
653 _aValvulopatías
653 _aArritmias y síncope
653 _aDislipidemia
653 _aAlteraciones de la hemostasia
653 _aTromboembolia venosa y tratamiento anticoagulante
653 _aSíntomas pulmonares frecuentes
653 _aEnfermedad pulmonar obstructiva crónica y asma
653 _aEnfermedades pulmonares intersticiales e hipertensión pulmonar
653 _aTrastornos del sueño
653 _aDerrame pleural y nódulo pulmonar solitario
653 _aDiabetes mellitus
653 _aEndocrinopatías
653 _aNutrición y obesidad
653 _aEvaluación analítica de las nefropatías y los trastornos de la vías urinarias
653 _aInsuficiencia renal aguda, glomerulopatía y nefropatía crónica
653 _aHematuria y nefrolitiasis
653 _aEnfermedades infecciosas
653 _aVirus de la inmunodeficiencia humana, sida e infecciones de transmisión sexual
653 _aSíntomas digestivos frecuentes
653 _aReflujo gastroesofágico
653 _aEnfermedades hepatobibliares
653 _aEnfermedad inflamatoria intestinal
653 _aEnfermedades reumatológicas
653 _aAfecciones musculoesqueléticas
653 _aHemopatologías
653 _aAtención del paciente con cáncer
653 _aCuidados paliativos
653 _aTratamiento del dolor
653 _aGeriatría
653 _aAlergia e inmunología
653 _aOtorrinolaringología
653 _aSalud femenina
653 _aSalud masculina
653 _aDermatología
653 _aPsiquiatría
653 _aTrastornos neurológicos
653 _aOftalmología
653 _aDetección sistemática e inmunización en adultos
653 _aCese del hábito tabáquico
653 _aAlcoholismo
700 1 _aBrisco, Meredith A.
_eEd.
_93244
700 1 _aMullur, Rashmi S.
_eEd.
_93245
942 _2ddc
_cBK
999 _c2424
_d2424